<?xml version="1.0" encoding="UTF-8"?>
<record
    xmlns:xsi="http://www.w3.org/2001/XMLSchema-instance"
    xsi:schemaLocation="http://www.loc.gov/MARC21/slim http://www.loc.gov/standards/marcxml/schema/MARC21slim.xsd"
    xmlns="http://www.loc.gov/MARC21/slim">

  <leader>00930nam a22002177a 4500</leader>
  <controlfield tag="005">20111117115816.0</controlfield>
  <datafield tag="010" ind1=" " ind2=" ">
    <subfield code="a">B-444695</subfield>
  </datafield>
  <datafield tag="020" ind1=" " ind2=" ">
    <subfield code="a">9780752866116</subfield>
    <subfield code="c">430.00</subfield>
  </datafield>
  <datafield tag="035" ind1=" " ind2=" ">
    <subfield code="a">B-444695</subfield>
  </datafield>
  <datafield tag="037" ind1=" " ind2=" ">
    <subfield code="a">Blue Berry/Ven</subfield>
    <subfield code="b">DPL</subfield>
  </datafield>
  <datafield tag="082" ind1="0" ind2="0">
    <subfield code="a">S</subfield>
  </datafield>
  <datafield tag="100" ind1="1" ind2=" ">
    <subfield code="a">Goscinny, Rene</subfield>
    <subfield code="9">37695</subfield>
  </datafield>
  <datafield tag="245" ind1="1" ind2="0">
    <subfield code="a">Asterix the gladiator,</subfield>
    <subfield code="c"> byRene Goscinny, illustrated by Albert Uderzo, translated [from the French] by Anthea Bell and Derek Hockridge.</subfield>
  </datafield>
  <datafield tag="260" ind1=" " ind2=" ">
    <subfield code="a">London</subfield>
    <subfield code="b">Orion Publishing Group</subfield>
    <subfield code="c">2004</subfield>
  </datafield>
  <datafield tag="270" ind1=" " ind2=" ">
    <subfield code="a">Orion House, 5 Upper Saint Martin's Lane</subfield>
    <subfield code="b">London</subfield>
    <subfield code="e">wc2H9EA</subfield>
  </datafield>
  <datafield tag="300" ind1=" " ind2=" ">
    <subfield code="a">48 p. </subfield>
    <subfield code="c">18 cm.</subfield>
    <subfield code="b">col.illus.</subfield>
  </datafield>
  <datafield tag="700" ind1="1" ind2=" ">
    <subfield code="a">Uderzo,</subfield>
    <subfield code="e">illus.</subfield>
    <subfield code="9">35908</subfield>
  </datafield>
  <datafield tag="942" ind1=" " ind2=" ">
    <subfield code="2">ddc</subfield>
    <subfield code="c">CH</subfield>
    <subfield code="h">S</subfield>
    <subfield code="m">GOS</subfield>
  </datafield>
  <datafield tag="999" ind1=" " ind2=" ">
    <subfield code="c">58489</subfield>
    <subfield code="d">58489</subfield>
  </datafield>
  <datafield tag="952" ind1=" " ind2=" ">
    <subfield code="0">0</subfield>
    <subfield code="1">0</subfield>
    <subfield code="4">0</subfield>
    <subfield code="7">0</subfield>
    <subfield code="8">FIC</subfield>
    <subfield code="a">ZLS</subfield>
    <subfield code="b">ZLS</subfield>
    <subfield code="d">2011-12-27</subfield>
    <subfield code="e">Blueberry /7042/29.9.2011/83/21.3.2011/12.10.2011</subfield>
    <subfield code="g">430.00</subfield>
    <subfield code="l">2</subfield>
    <subfield code="o">S GOS</subfield>
    <subfield code="p">B-444695</subfield>
    <subfield code="r">2020-11-25 00:00:00</subfield>
    <subfield code="s">2020-11-18</subfield>
    <subfield code="t">1</subfield>
    <subfield code="v">430.00</subfield>
    <subfield code="w">2011-12-27</subfield>
    <subfield code="y">CH</subfield>
  </datafield>
</record>
